| 000 | 00663nam a2200229Ia 4500 | ||
|---|---|---|---|
| 003 | OSt | ||
| 005 | 20221006164629.0 | ||
| 006 | a|||||r|||| 00| 0 | ||
| 007 | ta | ||
| 008 | 221006b |||||||| |||| 00| 0 eng d | ||
| 024 | _a1,926 | ||
| 037 | _cTextual | ||
| 040 |
_aFML _cFML _beng |
||
| 041 |
_2eng _aeng |
||
| 082 | _aO15:gx1,1:g(Y), 111N1 | ||
| 100 |
_aPande Anupa Au. _9677941 |
||
| 245 | 0 | _aA Historical and Cultural Study of the Natya Shastra of Bharata | |
| 260 |
_aJodhpur _bKusumanjali Prakashan _c1991 |
||
| 300 |
_a340 _ccm. |
||
| 942 |
_hO15:gx1,1:g(Y), 111N1 _cTEXL _2CC |
||
| 999 |
_c1117904 _d1117904 |
||